| Поле | Название | Значение |
| |
Тип записи |
a |
| |
Библиографический уровень |
a |
| 001 |
Контрольный номер |
RU/CBS_UL/BASE/8f9ad0924db7419fa85c81b6cc9bcebf |
| 005 |
Дата корректировки |
20240708170132.5 |
| 100 |
Данные общей обработки |
__ |
| a |
Данные общей обработки |
20240708 ||| 0rusy0189 ca |
| 101 |
Язык документа |
0_ |
| a |
Язык текста |
rus |
| 102 |
Страна публикации |
__ |
| a |
Страна публикации |
RU |
| 200 |
Заглавие и сведения об ответственности |
1_ |
| a |
Заглавие |
Константин Арцеулов - укротитель штопора |
| e |
Сведения, относящиеся к заглавию |
[о судьбе летчика, планериста К. Арцеулова] |
| f |
Первые сведения об ответственности |
В. Авченко |
| 300 |
Общие примечания |
__ |
| a |
Общие примечания |
16+ |
| 461 |
Уровень набора |
_0 |
| 1 |
|
2000 |
| a |
|
Родина |
| 463 |
Уровень физической единицы |
_0 |
| 1 |
|
2000 |
| a |
|
№ 11 |
| v |
|
С. 47-51 : фот., ил. |
| 1 |
|
2101 |
| d |
|
2023 |
| 1 |
|
001RU/CBS_UL/BASE/aa159a031eed423f9cc0c498f874c03f |
| 600 |
Персоналии |
_1 |
| a |
Персоналии (Фамилия) |
Арцеулов |
| b |
Персоналии (Имя, инициалы) |
К.К. |
| 606 |
Тематические рубрики |
0_ |
| a |
Основная рубрика |
Арцеулов, Константин Константинович (1891-1980) |
| 610 |
Ключевые слова |
0_ |
| a |
Ключевые слова |
лётчики |
| 610 |
Ключевые слова |
0_ |
| a |
Ключевые слова |
авиаторы |
| 610 |
Ключевые слова |
0_ |
| a |
Ключевые слова |
история воздухоплавания |
| 610 |
Ключевые слова |
0_ |
| a |
Ключевые слова |
история естествознания и техники |
| 610 |
Ключевые слова |
0_ |
| a |
Ключевые слова |
биографии лётчиков |
| 610 |
Ключевые слова |
0_ |
| a |
Ключевые слова |
судьбы людей |
| 610 |
Ключевые слова |
0_ |
| a |
Ключевые слова |
авиационные отряды |
| 610 |
Ключевые слова |
0_ |
| a |
Ключевые слова |
лётчики-испытатели |
| 610 |
Ключевые слова |
0_ |
| a |
Ключевые слова |
лётчики-испытатели |
| 610 |
Ключевые слова |
0_ |
| a |
Ключевые слова |
планеры |
| 610 |
Ключевые слова |
0_ |
| a |
Ключевые слова |
репрессии |
| 610 |
Ключевые слова |
0_ |
| a |
Ключевые слова |
человек второго плана в истории |
| 686 |
Индексы других классификаций |
__ |
| 2 |
Код системы |
rubbk |
| a |
Классификационный индекс |
39.5 |
| 700 |
Автор |
_1 |
| a |
Фамилия |
Авченко |
| b |
Имя (инициалы) |
В. |
| 801 |
Источник записи |
_0 |
| a |
Страна |
RU |
| b |
Организация |
МБУК ЦБС г. Ульяновска |
| c |
Дата составления |
20240708 |
| g |
Правила каталогизации |
RCR |
| 801 |
Источник записи |
_1 |
| a |
Страна |
RU |
| b |
Организация |
МБУК ЦБС г. Ульяновска |
| c |
Дата составления |
20240708 |
| g |
Правила каталогизации |
RCR |
| 901 |
Тип документа |
__ |
| t |
Тип документа |
b |
| w |
Контрольный № источника |
RU/CBS_UL/BASE/aa159a031eed423f9cc0c498f874c03f |
| 909 |
Создатель записи |
__ |
| a |
Создатель записи |
lib1 |